000 00502nam a2200193Ia 4500
003 OSt
005 20221007083116.0
006 a|||||r|||| 00| 0
007 ta
008 221006b |||||||| |||| 00| 0 eng d
024 _a23,175
037 _cDissertations
040 _aFLL
_cFLL
_beng
041 _2eng
_aeng
100 _aNath Amar
_9700297
245 0 _aThe rule of pacta tertis nec nocent nec prosunt - a re-appraisal
942 _cDIS
_2CC
999 _c1168829
_d1168829